Pensar la dictadura : terrorismo de estado en argentina /

Guardado en:
Autor Principal: Adamoli, María Celeste
Otros Autores: Matías Farías,matías, Flachslan, Cecilia
Formato: Libro
Publicado: Buenos Aires : Ministerio de Educación de la Nación, 2014
Materias:
Etiquetas: Agregar Etiqueta
Sin Etiquetas, Sea el primero en etiquetar este registro!
LEADER 01032nam a22002535a 4500
001 CEM.cems018334
008 130507s2014##################000#0#####d
005 20221004161127.0
245 1 0 |a Pensar la dictadura :  |b terrorismo de estado en argentina /  |c María Celeste Adamoli, Matías Farías, Cecilia Flachsland 
260 |a Buenos Aires :  |b Ministerio de Educación de la Nación,  |c 2014 
300 |a 192 p. 
500 |a Preguntas, respuestas y propuestas para su enseñanza. 
505 0 |a El terrorismo de Estado -- Dictadura y sociedad -- La dictadura en el mundo -- El pasado en el presente 
020 |a 9789500010108 
100 1 |a Adamoli, María Celeste 
700 1 |a Matías Farías,matías 
700 1 |a Flachslan, Cecilia 
082 0 4 |a 364.071 
653 |a Historia argentina 
653 |a Dictadura argentina 
653 |a Terrorismo de estado 
653 |a Educación y memoria 
859 |a CEMS  |b BIB. CEMS - Agricultura  |h 364.071  |i Ad16  |p A2159.14  |t Ej.1 
859 |a CEMS  |b BIB. CEMS - Agricultura  |h 364.071  |i Ad16  |p A3287.19  |t Ej.2